000 00430nam a22001697a 4500
003 NUST - PNEC
005 20170116181133.0
008 151006b xxu||||| |||| 00| 0 eng d
020 _a-
040 _cLIBRARY
082 _a629.287 KAI
100 _914080
_aKaiser jeep corporation
245 _aService manual jeep universal
_cKaiser jeep corporation
260 _cc.1965
650 _914082
_aJeep
_xME
942 _2ddc
_cBK
999 _c70063
_d70063